Избранные произведения. Т. 2: Глаза погребенных (Запись № 5427291)

Подробности
000 -МАРКЕР
контрольное поле 01148nam2a22002411 4500
001 - ИДЕНТИФИКАТОР ЗАПИСИ
контрольное поле rc\412571
005 - ИДЕНТИФИКАТОР ВЕРСИИ
контрольное поле 20250621165157.0
010 ## - МЕЖДУНАРОДНЫЙ СТАНДАРТНЫЙ НОМЕР КНИГИ (ISBN)
Номер (ISBN) 5-280-00355-7
035 ## - ДРУГИЕ СИСТЕМНЫЕ НОМЕРА
Идентификатор записи (NLR Aleph) 005815573
100 ## - ДАННЫЕ ОБЩЕЙ ОБРАБОТКИ
Данные общей обработки 20030616d1988 |||y0rusy50 ca
101 0# - ЯЗЫК РЕСУРСА
Язык текста, звукозаписи и т.д. русский
102 ## - СТРАНА ПУБЛИКАЦИИ ИЛИ ПРОИЗВОДСТВА
Страна публикации Российская Федерация
105 ## - ПОЛЕ КОДИРОВАННЫХ ДАННЫХ: ТЕКСТОВЫЕ МАТЕРИАЛЫ, МОНОГРАФИЧЕСКИЕ
Кодированные данные о монографическом текстовом документе y |||||||||
200 1# - ЗАГЛАВИЕ И СВЕДЕНИЯ ОБ ОТВЕТСТВЕННОСТИ
Основное заглавие Глаза погребенных
Сведения, относящиеся к заглавию Роман
Первые сведения об ответственности [Пер. Ю. Дашкевича]
215 ## - ФИЗИЧЕСКАЯ ХАРАКТЕРИСТИКА
Специфическое обозначение материала и объем 605, [2] с.
461 #0 - УРОВЕНЬ НАБОРА
Встроенное поле 001rc\412569
-- 2001#$aИзбранные произведения$eВ 2 т.$eПер. с исп.$fМигель Анхель Астуриас$g[Предисл. Л. Осповата, с. 5-24$gКоммент. Г. Ершовой]$vТ. 2
-- 700#1$aАстуриас$bМ. А.$f1899-1974$gМигель Анхель$3RU\NLR\AUTH\770261165
Системный номер (АБИС) связанной записи 5427274
Автор Астуриас, М. А. (1899-1974)
Место публикации М.
Дата публикации 1988
Первые сведения об ответственности Мигель Анхель Астуриас
Имя издателя, распространителя и т.д. Худож. лит.
Сведения, относящиеся к заглавию В 2 т. : Пер. с исп.
Заглавие Избранные произведения
ISBN 5280003530
Номер тома Т. 2
801 #0 - ИСТОЧНИК ЗАПИСИ
Страна Российская Федерация
Организация NLR
Правила каталогизации psbo
801 #1 - ИСТОЧНИК ЗАПИСИ
Страна Российская Федерация
Организация ELAR
Источник данных rusmarc
852 ## - МЕСТОНАХОЖДЕНИЕ И ШИФР ХРАНЕНИЯ
Идентификатор организации NLR
Шифр хранения (Call Number) 88-3/3746
942 ## - ДОПОЛНИТЕЛЬНЫЕ ЭЛЕМЕНТЫ ЗАПИСИ (АБИС)
Тип экземпляра АБИС Книга
980 ## - КОЛЛЕКЦИЯ
Название коллекции Национальная библиография
Экземпляры
Тип экземпляра Дата поступления Библиотека постоянного хранения Библиотека текущего хранения Место хранения Шифр хранения Штрих-код Статус экземпляра
Книга 26.10.2013 РНБ (Московский) РНБ (Московский) Русский книжный фонд: издания с 1957 года 88-3/3746 5815573-10